00758nam a2200181 a 450000100100000000500170001000800410002704000250006810000280009324500370012126000790015830000360023750000610027304900090033495201050034395201110044899900170055900002750820200930030902.0110401s2000 dr ac 000 0 spa d aDO-SdBNPbspacBNPHU1 aDespradel, Fidelio932410aAbril 1965 /cFidelio Despradel. aSanto Domingo :bEdiciones Librería Dominicana,c2000.fEditora Manatí a219 P. :bil., retrs. ;c21 cm. aIncluye datos biográficos del autor en la contrasolapa aBNPD 0010718PDaPDbPDcCTd2011-04-01iLF1l0o p27508-10r2020-06-25w2020-06-25yLFPDZNo se presta 0010718PDaPDbPDcCTd2011-04-01iLF1l0o p27508-20r2020-06-25te. 2w2020-06-25yLFPDZNo se presta c27000d27000